Fr. Conceicao Rodrigues College of Engineering

Digital image processing for medical applications (Record no. 30903)

MARC details
000 -LEADER
fixed length control field 00402nam a2200169Ia 4500
082 ## - DEWEY DECIMAL CLASSIFICATION NUMBER
Classification number 621.367
Item number DOU
100 ## - MAIN ENTRY--PERSONAL NAME
Personal name Dougherty/Geoff
245 ## - TITLE STATEMENT
Title Digital image processing for medical applications
260 ## - PUBLICATION, DISTRIBUTION, ETC.
Name of publisher, distributor, etc. Cambride University press
Date of publication, distribution, etc. 2009
366 ## - TRADE AVAILABILITY INFORMATION
Publishers's discount category 25
300 ## - PHYSICAL DESCRIPTION
Extent 447
546 ## - LANGUAGE NOTE
Language note ENGLISH
-- TTL
650 ## - SUBJECT ADDED ENTRY--TOPICAL TERM
Topical term or geographic name entry element image processing
654 ## - SUBJECT ADDED ENTRY--FACETED TOPICAL TERMS
Focus term image processing
942 ## - ADDED ENTRY ELEMENTS (KOHA)
Koha item type BOOK
Holdings
Withdrawn status Lost status Damaged status Not for loan Collection Home library Current library Date acquired Source of acquisition Cost, normal purchase price Inventory number Total Checkouts Full call number Barcode Date last seen Date last checked out Cost, replacement price Price effective from Koha item type
        CRC Fr. Agnel's C.Rodrigues College of Engineering Fr. Agnel's C.Rodrigues- College of Engineering 17/03/2023 Allied Publishers 521.25 2239 dt 10/09/2010 1 621.367 DOU 21036 02/08/2023 24/07/2023 695.00   BOOK